000 00431nam a2200181Ia 4500
003 OSt
005 20220713163102.0
008 210210b1920 xxu||||| |||| 00| 0 eng d
040 _cAL
041 _aeng
082 _a535/39
100 _aGLAZEBROOK (R T)
_948864
245 _aElectricity and magnetism
260 _aCambridge
_bUniversity Press
_c1920
690 _aElectricity
_948865
906 _a008657
942 _2ddc
_cBK
999 _c126460
_d126460